| 000 | 00695cam a22002051 4500 | ||
|---|---|---|---|
| 001 | 6579519 | ||
| 005 | 20251106094434.0 | ||
| 008 | 750319s1965 nyua b 000 0 eng | ||
| 050 | 0 | 0 |
_aSB761 _b.G75 1965 |
| 082 | _a634.967 | ||
| 100 | 1 |
_aGraham, Samuel A. _q(Samuel Alexander), _d1891-1967. |
|
| 245 | 1 | 0 |
_aPrinciples of forest entomology _c[by] Samuel Alexander Graham [and] Fred Barrows Knight. |
| 250 | _a4th ed. | ||
| 260 |
_aNew York, _bMcGraw-Hill _c[1965] |
||
| 300 |
_axii, 417 p. _billus. _c24 cm. |
||
| 500 | _aThird ed. published under title: Forest entomology. | ||
| 650 | 0 | _aForest insects. | |
| 700 | 1 |
_aKnight, Fred Barrows, _d1925- _ejoint author. |
|
| 942 |
_2lcc _cBK _e4th ed. _n0 |
||
| 999 |
_c8110 _d8110 |
||